Statistics for Video games translated into Spanish

Click here to take the quiz!

General Stats

  • This quiz has been taken 58 times
  • The average score is 15 of 25

Answer Stats

HintAnswer% Correct
Fantasía FinalFinal Fantasy
95%
Kombate MortalMortal Kombat
95%
InjusticiaInjustice
90%
Maldad residenteResident Evil
90%
Credo de AsesinoAssassin's Creed
80%
Necesidad de velocidadNeed for Speed
80%
Mundo Jurásico EvoluciónJurassic World Evolution
78%
Medalla de HonorMedal of Honor
78%
Sónico, el erizoSonic, the hedgehog
78%
Liga de LeyendasLeague of Legends
73%
El último de nosotrosThe last of us
70%
Dios de la GuerraGod of War
65%
Sólo bailaJust dance
65%
Llamada del DeberCall of Duty
48%
Entre nosotrosAmong Us
45%
Ladrona de tumbasTomb Raider
45%
Hola vecinoHello neighbor
43%
Luchador callejeroStreet Fighter
43%
Colina silenciosaSilent Hill
40%
Pájaros enfadadosAngry Birds
38%
El diablo podría llorarDevil May Cry
35%
Lombriz de tierra JimEarthworm Jim
35%
Pequeñas PesadillasLittle Nightmares
33%
SicarioHitman
28%
Dados por muertosLeft for Dead
25%

Score Distribution

Percentile by Number Answered

Percent of People with Each Score

Your Score History

You have not taken this quiz